II Jornadas tecnológicas para el desarrollo forestal misionero en el Mercosur.
Guardado en:
| Autores Corporativos: | , |
|---|---|
| Formato: | Libro |
| Idioma: | Spanish |
| Publicado: |
Eldorado :
Instituto Subtropical de Investigaciones Forestales,
1992.
|
| Etiquetas: |
Agregar Etiqueta
Sin Etiquetas, Sea el primero en etiquetar este registro!
|
| LEADER | 00728nam a22001575a 4500 | ||
|---|---|---|---|
| 001 | EEA.libagro005349 | ||
| 005 | 20180705120456.0 | ||
| 008 | 130809s1992####ag#a##########100#0#spa#d | ||
| 082 | 0 | 4 | |a 634.9098223 |
| 082 | 0 | 4 | |a 382.918 |
| 111 | 2 | |a Jornadas tecnológicas para el desarrollo forestal misionero en el Mercosur |n (2 : |d 7, 8, 10 y 11 de julio de 1992 : |c Eldorado, Misiones) | |
| 245 | 1 | 0 | |a II Jornadas tecnológicas para el desarrollo forestal misionero en el Mercosur. |
| 260 | |a Eldorado : |b Instituto Subtropical de Investigaciones Forestales, |c 1992. | ||
| 300 | |a 172 p. : |b il. ; |c 28 cm. | ||
| 710 | 2 | |a Universidad Nacional de Misiones. |b Facultad de Ciencias Forestales. | |
| 859 | |a AR-BbBCA |b BIB. AGRONOMIA |h 634.9098223 |i J82 2 1992 |p 1996/2646 | ||
